| 000 | 01343cam a2200349 i 4500 | ||
|---|---|---|---|
| 003 | SA-RiAUC | ||
| 005 | 20250407065239.0 | ||
| 008 | 250406s2003 su abo f b f00000 ara c | ||
| 020 | _z 9960145955 | ||
| 020 | _a9960140954 | ||
| 020 | _a9960140955 | ||
| 040 |
_aNELARB _bara _cSA-RiAUC _erda |
||
| 082 | 0 | 4 |
_a371.3 _qSA-RiAUC |
| 090 |
_a371.3 _bز ب ي |
||
| 100 | 1 |
_aالزبيدي، خولة فاضل _eمؤلف. |
|
| 245 | 1 | 0 |
_aأساليب التعليم والتعلم الحديثة / _cتأليف د. خولة فاضل الزبيدي. |
| 264 | 1 |
_aالرياض : _bمعهد الإدارة العامة، مركز البحوث، _c2003 |
|
| 300 |
_a448 صفحة : _bأشكال، جداول، مصور ؛ _c24 سم. |
||
| 336 |
_aنص _btxt _2rdacontent _3كتاب |
||
| 337 |
_aبدون وسيط _bn _2rdamedia |
||
| 338 |
_aمجلد _bnc _2rdacarrier |
||
| 490 | 0 | _aسلسلة كتب معهد الإدارة العامة (الرياض) | |
| 500 | _aيشتمل على ملاحق. | ||
| 504 | _aيشتمل على إرجاعات ببليوجرافية. | ||
| 504 | _aببليوجرافية : صفحة 442-445. | ||
| 650 | 7 |
_aطرق التدريس _2aucsh |
|
| 650 | 7 |
_aالتعلم _2aucsh |
|
| 650 | 7 |
_aالتدريس _2aucsh |
|
| 942 |
_2ddc _cBOOK _n0 |
||
| 949 |
_aSA-JeALM _d250406 _uosman123 _n1 |
||
| 999 |
_c6718 _d6718 |
||